书目信息 |
| 题名: |
热力学
|
|
| 作者: | 王竹溪 著 | |
| 分册: | ||
| 出版信息: | 北京 北京大学出版社 2014.12 |
|
| 页数: | 325页 | |
| 开本: | 23cm | |
| 丛书名: | 中外物理学精品书系 | |
| 单 册: | ||
| 中图分类: | O414.1 | |
| 科图分类: | ||
| 主题词: | 热力学--高等学校--教材 , 热力学 | |
| 电子资源: | ||
| ISBN: | 978-7-301-25146-1 | |
| 000 | 01128oam2 2200301 450 | |
| 001 | 0120141467679 | |
| 005 | 20170418153600.15 | |
| 010 | @a978-7-301-25146-1@dCNY56.00 | |
| 100 | @a20150123d2014 em y0chiy0110 ea | |
| 101 | 0 | @achi |
| 102 | @aCN@b110000 | |
| 105 | @ak z 001yy | |
| 106 | @ar | |
| 200 | 1 | @a热力学@9re li xue@f王竹溪著 |
| 205 | @a2版 | |
| 210 | @a北京@c北京大学出版社@d2014.12 | |
| 215 | @a325页@d23cm | |
| 225 | 2 | @a中外物理学精品书系@i经典系列@v18 |
| 300 | @a“国家出版基金”资助 国家出版基金项目 | |
| 330 | @a本书是热力学经典著作,包含热力学理论的经典内容,如温度、热力学第一定律、热力学第二定律、单元系的复相平衡、热力学第三定律等,也包含了一些专题研究,如化学热力学、溶液理论、重力场及弹性固体、不可逆过程热力学等,同时对热力学的方法论也进行了论述。本次纳入书系经典系列重排出版,以更好的面貌与作者同享。 | |
| 333 | @a高校物理专业师生 | |
| 462 | 0 | @12001 @a中外物理学精品书系@i经典系列@v18 |
| 606 | 0 | @a热力学@x高等学校@j教材 |
| 606 | 0 | @a热力学 |
| 690 | @aO414.1@v5 | |
| 701 | 0 | @a王竹溪@9wang zhu xi@4著 |
| 801 | 0 | @aCN@b人天书店@c20150123 |
| 905 | @b987024-27@dO414.1@e103=2@f4 | |
| 热力学/王竹溪著.-2版.-北京:北京大学出版社,2014.12 |
| 325页;23cm.-(中外物理学精品书系.经典系列;18) |
| “国家出版基金”资助 国家出版基金项目.-使用对象:高校物理专业师生 |
| ISBN 978-7-301-25146-1:CNY56.00 |
| 本书是热力学经典著作,包含热力学理论的经典内容,如温度、热力学第一定律、热力学第二定律、单元系的复相平衡、热力学第三定律等,也包含了一些专题研究,如化学热力学、溶液理论、重力场及弹性固体、不可逆过程热力学等,同时对热力学的方法论也进行了论述。本次纳入书系经典系列重排出版,以更好的面貌与作者同享。 |
| ● |
| 相关链接 |
|
|
|
|
正题名:热力学
索取号:O414.1/103=2
 
预约/预借
| 序号 | 登录号 | 条形码 | 馆藏地/架位号 | 状态 | 备注 |
| 1 | 987024 | 209870246 | 第二样本阅览室/ [索取号:O414.1/103=2] | 在馆 | |
| 2 | 987025 | 209870255 | 密集书库-物理学院/ [索取号:O414.1/103=2] | 在馆 | |
| 3 | 987026 | 209870264 | 第三借阅区/ [索取号:O414.1/103=2] | 在馆 | |
| 4 | 987027 | 209870273 | 第三借阅区/ [索取号:O414.1/103=2] | 在馆 |